Compulsion and doubt : (Record no. 977903)
[ view plain ]
| 000 -LEADER | |
|---|---|
| fixed length control field | 00901nam a2200301 a 4500 |
| 001 - CONTROL NUMBER | |
| control field | vtls001527535 |
| 003 - CONTROL NUMBER IDENTIFIER | |
| control field | NLI |
| 005 - DATE AND TIME OF LATEST TRANSACTION | |
| control field | 20210627144826.0 |
| 008 - FIXED-LENGTH DATA ELEMENTS--GENERAL INFORMATION | |
| fixed length control field | 121212s1901 enk 000 0 eng |
| 039 #9 - LEVEL OF BIBLIOGRAPHIC CONTROL AND CODING DETAIL [OBSOLETE] | |
| -- | 201212121612 |
| -- | VLOAD |
| 040 0# - CATALOGING SOURCE | |
| Original cataloging agency | NLI |
| Language of cataloging | eng |
| Transcribing agency | XData_1 |
| Description conventions | AACR2 |
| 041 1# - LANGUAGE CODE | |
| Language code of text/sound track or separate title | eng |
| 044 ## - COUNTRY OF PUBLISHING/PRODUCING ENTITY CODE | |
| MARC country code | enk |
| 082 ## - DEWEY DECIMAL CLASSIFICATION NUMBER | |
| Classification number | 1501417 |
| 100 1# - MAIN ENTRY--PERSONAL NAME | |
| Personal name | Stekel, Wilhelm |
| 245 10 - TITLE STATEMENT | |
| Title | Compulsion and doubt : |
| Remainder of title | [Zwang und zweifel] / |
| Statement of responsibility, etc. | by Wilhelm Stekel ; translated by Emil Gutheil |
| 260 ## - PUBLICATION, DISTRIBUTION, ETC. | |
| Place of publication, distribution, etc. | London : |
| Name of publisher, distributor, etc. | Peter Nevill, |
| Date of publication, distribution, etc. | 1901 |
| 300 ## - PHYSICAL DESCRIPTION | |
| Extent | 2v. ; |
| Dimensions | 22 cm. |
| 650 #0 - SUBJECT ADDED ENTRY--TOPICAL TERM | |
| Topical term or geographic name entry element | Psychology |
| 9 (RLIN) | 683737 |
| 700 1# - ADDED ENTRY--PERSONAL NAME | |
| Personal name | Gutheil, Emil, |
| Relationship | trl |
| 887 ## - NON-MARC INFORMATION FIELD | |
| Content of non-MARC field | |
| 901 ## - LOCAL DATA ELEMENT A, LDA (RLIN) | |
| a | IMP290385 |
| b | 21.08.1957 |
| 9 | v.1 |
| 901 ## - LOCAL DATA ELEMENT A, LDA (RLIN) | |
| a | IMP290386 |
| b | 21.08.1957 |
| 9 | v.2 |
| 902 ## - LOCAL DATA ELEMENT B, LDB (RLIN) | |
| a | 150 B 1417 |
| 949 ## - LOCAL PROCESSING INFORMATION (OCLC) | |
| -- | VIRTUAITEM |
| -- | 10000 |
| -- | 100 |
| 6 | IMP000290385ENG |
| 9 | v.1. |
| 942 ## - ADDED ENTRY ELEMENTS (KOHA) | |
| Source of classification or shelving scheme | Dewey Decimal Classification |
| Koha item type | Books |
| 949 ## - LOCAL PROCESSING INFORMATION (OCLC) | |
| -- | VIRTUAITEM |
| -- | 10000 |
| -- | 100 |
| 6 | IMP000290386ENG |
| 9 | v.2 |
| Withdrawn status | Lost status | Damaged status | Not for loan | Home library | Current library | Date acquired | Total Checkouts | Full call number | Barcode | Date last seen | Price effective from | Koha item type |
|---|---|---|---|---|---|---|---|---|---|---|---|---|
| National Library of India | National Library of India | 150 B 1417 | IMP000290385ENG | 27/06/2021 | 27/06/2021 | Books | ||||||
| National Library of India | National Library of India | 150 B 1417 | IMP000290386ENG | 27/06/2021 | 27/06/2021 | Books |
